Ekofilozofia

Podrobná bibliografia
Hlavný autor: Martinkovičová, Miriam, 1965- (Autor)
Médium: Kniha
Jazyk:slovenčina
Fyzický popis:141 s. tab. 25 cm
Vydavateľské údaje: V Banskej Bystrici Univerzita Mateja Bela 1999
ISBN:8080553068
Predmet:

MARC

LEADER 00000nam a2200000 a 4500
001 vtls001385633
003 SK-MaSNL
005 20260302063200.0
008 240314s1999 xo ae r yy slo
015 |a SNBA2000/05-01833 
020 |a 8080553068 
035 |a SNK000339767 
035 |a urn:nbn:sk:snk-amk1w9 
035 |a urn:nbn:sk:snk-am0086c6 
035 |a 5BAB399C-75B8-4635-BDD9-A5D417DF43A2 
040 |a SNK  |b slo  |c SNK  |e AACR2 
041 0 |a slo 
044 |a xo  |c SK 
080 |a 141.3+17:504(075.8)  |2 1981 
080 |a 17:504(075.8)  |2 1981 
080 |a 504(075.8)  |2 1981 
100 1 |a Martinkovičová, Miriam,  |d 1965-  |4 aut  |9 12838 
245 1 0 |a Ekofilozofia  |c Miriam Martinkovičová 
260 |a V Banskej Bystrici  |b Univerzita Mateja Bela  |c 1999 
300 |a 141 s.  |b tab.  |c 25 cm 
500 |a 200 výt. 
504 |a Terminologický slovník. Bibliogr. odkazy 
650 0 7 |a ekofilozofia  |2 SNKPH  |9 15488 
655 7 |a učebnice vysokých škôl  |2 SNKPH  |9 70191 
919 |a 80-8055-306-8 
958 |a OND 
958 |a TL 
958 |a NB 
958 |a UV 
999 |c 1131759  |d 1133689 
952 |t P60, <03>, [BOOK], {603}  |a SNK  |b SNK  |y PREZ  |7 0  |p 17A0232734  |o snkSC 101179  |i snkKSP 3301/2000  |0 0  |1 0  |4 0  |d 2000-03-24  |f 1  |l 0  |r 2025-09-19 00:00:00  |w 2026-02-24 
952 |t P60, <04>, [BOOK], {604}  |a SNK  |b SNK  |y VYP  |7 0  |p 17A0232735  |o snkSC 101179 D1  |i snkKSP 3302/2000  |0 0  |1 0  |4 0  |d 2000-03-24  |l 0  |r 2005-01-02 00:00:00  |w 2026-02-24